LEADER 01298nam 2200337z- 450 001 9910694008903321 005 20060824171326.0 035 $a(CKB)5470000001380547 035 $a(BIP)013737645 035 $a(EXLCZ)995470000001380547 100 $a20220308c2005uuuu -u- - 101 0 $aeng 200 10$aAviation safety $ehearing before the Subcommittee on Aviation of the Committee on Commerce, Science, and Transportation, United States Senate, One Hundred Ninth Congress, first session, November 17, 2005 215 $a1 online resource (iii, 99 p.) $cill 311 $a0-16-076690-7 517 $aAviation safety 606 $aAeronautics, Commercial$zUnited States$xSafety measures 606 $aAir traffic control$zUnited States 606 $aAirplanes$xInspection$zUnited States 610 $aUnited States 610 $aAeronautics, commercial 610 $aAir traffic control 610 $aTransportation 615 0$aAeronautics, Commercial$xSafety measures. 615 0$aAir traffic control 615 0$aAirplanes$xInspection 712 02$aUnited States, Congress Senate Committee on Commerce, Science, and Transportation Subcommittee on Aviation Staff,$4oth 906 $aBOOK 912 $a9910694008903321 996 $aAviation safety$92313029 997 $aUNINA